Call the Grammar Police Quiz Stats

Quiz Updated Apr 21, 2016

Challenge
Share
Tweet
Embed
Score 0/28 Timer 03:00
25 Plays Today
% Correct
to
88.9%
accept
88.8%
your
88.7%
their
88.4%
then
88.4%
they're
88.4%
weather
88.3%
than
87.9%
except
87.8%
loose
87.5%
two
87.5%
there
87.4%
you're
87.2%
whether
87.1%
% Correct
lose
87%
altar
86.6%
too
86.4%
breath
86.3%
breathe
85.8%
who's
84.5%
alter
84.3%
it's
84%
whose
82.8%
affects
82.7%
its
82.2%
effects
81.6%
every day
80.5%
everyday
79.4%

You're not logged in!

Compare scores with friends on all Sporcle quizzes.
Join for Free
OR
Log In

You Might Also Like...

Show Comments

Extras

Top Quizzes Today


Score Distribution

Your Account Isn't Verified!

In order to create a playlist on Sporcle, you need to verify the email address you used during registration. Go to your Sporcle Settings to finish the process.

Report this User

Report this user for behavior that violates our Community Guidelines.

Details: